U.S States Quiz - Statistics

General Stats
  • This quiz has been taken 77 times
  • The average score is 40 of 50
Answers on the Map
Answers color-coded by a green-red scale on the quiz's map according to % correct below.
 
Answer Stats
Answer % Correct
texas
98%
california
94%
north dakota
92%
alaska
90%
florida
90%
new york
90%
south dakota
90%
washington
90%
arizona
89%
hawaii
89%
nevada
87%
mississippi
86%
north carolina
86%
south carolina
86%
maine
84%
montana
84%
new mexico
84%
georgia
83%
oregon
83%
rhode island
83%
kentucky
79%
utah
79%
virginia
79%
wyoming
79%
alabama
78%
arkansas
78%
colorado
78%
idaho
78%
minnesota
78%
new jersey
78%
ohio
78%
tennessee
76%
illinois
75%
indiana
75%
pennsylvania
75%
connecticut
73%
delaware
73%
kansas
73%
louisiana
73%
oklahoma
73%
massachusetts
71%
west virginia
71%
maryland
70%
michigan
70%
nebraska
70%
iowa
68%
vermont
68%
missouri
65%
new hampshire
65%
wisconsin
62%
No matching quizzes found
Score Distribution
Percent of People with Each Score
Percentile by Number Answered
Your Score History
You have not taken this quiz